000 01325nam0a2200325 4500
001 RU\NLR\bibl\1062535
005 20250615041123.0
010 _a5-9030-4693-2
_97500
021 _aRU
_b2007-8164
_9433
035 _a(NLR Aleph) 001049801
090 _a871299
_c871299
100 _a20070322d2007 |||y0rusy50 ca
101 0 _arus
102 _aRU
105 _ay |||||||||
200 1 _aГражданское право. Часть вторая
_eконспект лекций
_e[пособие для подготовки к экзаменам
_fавт-сост.: Р. Беленков]
210 _aМосква
_cПриор
_cА-Приор
_d2007
215 _a161 с.
_d21
225 1 _aСерия "Конспект лекций"
225 1 _aВ помощь студенту
320 _aБиблиогр.: с. 152-153 (24 назв.)
606 1 _aГражданское право
_jУчебные издания для высших учебных заведений
_yРоссийская Федерация
_92073647
_3RU\NLR\auth\661248570
686 _aХ623я73
702 1 _aБеленков
_bР. А.
_gРоман Александрович
_4220
801 0 _aRU
_bNLR
_c20070322
_gRCR
801 1 _aRU
_bNLR
_c20070322
830 _aсост. по ГАК
942 _cBOOK
980 _aNB